[Event "RUS-chT U20"]
[Site "Rybinsk"]
[Date "2010.08.04"]
[Round "3"]
[White "Mikheev, Evgeny"]
[Black "Belikov, Roman"]
[Result "0-1"]
[WhiteElo "1947"]
[BlackElo "1837"]
[PlyCount "120"]
[EventDate "2010.08.02"]
[EventType "team-swiss"]
[EventRounds "9"]
[EventCountry "RUS"]
[SourceTitle "EXT 2011"]
[Source "ChessBase"]
[SourceDate "2010.11.26"]
[SourceVersion "1"]
[SourceVersionDate "2010.11.26"]
[SourceQuality "1"]

1. Nf3 c5 2. g3 Nc6 3. Bg2 d6 4. 0-0 g6 5. e4 Bg7 6. c3 Bg4 7. d3 e6 8. h3 Bxf3 9. Bxf3 Nge7 10. a4 0-0 11. Na3 a6 12. Bg5 h6 13. Be3 Rb8 14. Qd2 Kh7 15. h4 b5 16. axb5 axb5 17. h5 b4 18. Nc2 bxc3 19. bxc3 Rb2 20. hxg6+ fxg6 21. Bg4 Ne5 22. Be2 d5 23. f4 Nd7 24. e5 Qc7 25. Rfb1 Rfb8 26. Qc1 Rxb1 27. Rxb1 Nc6 28. Bg4 Nd8 29. Rb2 Bf8 30. Qb1 Rxb2 31. Qxb2 Qa5 32. Kg2 Qa4 33. Bh3 c4 34. dxc4 Qxc4 35. Nd4 Qa6 36. Kf2 Nc5 37. Bf1 Ne4+ 38. Kg2 Qa5 39. Qb5 Qxb5 40. Nxb5 Bc5 41. Bxc5 Nxc5 42. c4 dxc4 43. Bxc4 Kg7 44. Kf3 Kf7 45. Nd4 Ke7 46. Ba2 Nf7 47. Bb1 g5 48. Kg4 gxf4 49. gxf4 Nd7 50. Nc6+ Ke8 51. Kh5 Nf8 52. Na5 Kd7 53. Be4 Kc7 54. Nc4 Kd7 55. Ne3 Kc7 56. Ng4 Kb6 57. Nxh6 Nd8 58. Kg5 Nd7 59. Ng4 Kc5 60. Nf6 Nf7+ 0-1